| 000 | 005610000a22001810004500 | ||
|---|---|---|---|
| 003 | MACL | ||
| 005 | 20160602165249.0 | ||
| 008 | 160602b xxu||||| |||| 00| 0 eng d | ||
| 040 |
_aMACL _cMACL |
||
| 041 | _aHindi | ||
| 082 | _a920 KUM | ||
| 100 |
_aकुमार, कमल _958063 |
||
| 245 |
_aशांतिप्रिय दिवेदी _cकमल कुमार |
||
| 260 |
_bसाहित्य अकादेमी _c1992 _aनई दिल्ली |
||
| 350 | _a15 | ||
| 650 |
_aBiography _961858 |
||
| 942 |
_cHIN _k920/KUM _2ddc |
||
| 999 |
_c21041 _d21041 |
||